00493nam a22001577a 450000500170000001000150001702000300003203500140006203700090007608200080008510000160009324500780010926000400018727000870022730000210031420220120130028.0 aENG-131269 a978-93-90389-72-8c495.00 aEN-114801 bDBAD a480 aGoyal, R.K. aObjective General English:bFor All Competitive Examinations/cR.K. Goyal aNew DelhibPrabhat Paperbacksc2020 bNew Delhia4/19, Asaf Ali Roade110002k23289555, 23289666mprabhatbooks@gmail.com a632p.c24cm(pbk)